000 00575nam a22002297a 4500
003 UA-OsUOA
001 45614
007 ta
008 20070503b un ||||| |||| 00| 0 ukr d
090 _a324(477)
_bН35
942 _cBK
040 _aUA-OsUOA
_bukr
_cUA-OsUOA
_dUA-OsUOA
245 _aНаціональний екзит-пол: парламентські вибори 2006
300 _a94 с.
955 _a2
041 _aukr
080 _a324(477)
020 _a966-96606-3-7
260 _aК.
_c2006
650 7 _a32 Політика
_2UDC
999 _c331712
_d331712